000 00421cam a2200169ua 4500
020 _cRs 21.00
041 _aeng
_h
082 _a828.09
_bWIL/NI
100 _aWilley, Basil .
245 _aNineteenth century studies /
_cBasil Willey.
_hTextual Documents
260 _aLondon :
_bChatto and Windus ,
_c1961.
300 _a288 ; .
365 _aRs 21.00
504 _a
942 _cBK
999 _c3933
_d3933